My utang-free diary: (Record no. 362773)
[ view plain ]
| 000 -LEADER | |
|---|---|
| fixed length control field | 00400nam a2200133Ia 4500 |
| 008 - FIXED-LENGTH DATA ELEMENTS--GENERAL INFORMATION | |
| fixed length control field | 191129s9999 xx 000 0 und d |
| 020 ## - INTERNATIONAL STANDARD BOOK NUMBER | |
| International Standard Book Number | 4806523177542 |
| 100 ## - MAIN ENTRY--PERSONAL NAME | |
| Personal name | Tan, Chinkee |
| 245 ## - TITLE STATEMENT | |
| Statement of responsibility, etc | Chinkee Tan |
| Title | My utang-free diary: |
| Remainder of title | maging utang-free para sa buhay na stress-free/ |
| 260 ## - PUBLICATION, DISTRIBUTION, ETC. (IMPRINT) | |
| Place of publication, distribution, etc | Manila: |
| Name of publisher, distributor, etc | CSM Publishing |
| Date of publication, distribution, etc | 2019 |
| 300 ## - PHYSICAL DESCRIPTION | |
| Extent | 96 p. ; |
| Dimensions | 18 cm. |
| 650 ## - SUBJECT ADDED ENTRY--TOPICAL TERM | |
| Topical term or geographic name as entry element | Financial |
| 650 ## - SUBJECT ADDED ENTRY--TOPICAL TERM | |
| Topical term or geographic name as entry element | Investments |
| Withdrawn status | Lost status | Damaged status | Home library | Current library | Shelving location | Date acquired | Source of acquisition | Total Checkouts | Full call number | Barcode | Date last seen | Price effective from | Koha item type |
|---|---|---|---|---|---|---|---|---|---|---|---|---|---|
| Luxembourg Library | Luxembourg Library | Filipiniana Section | 11/29/2019 | HG 179 .T167 2019 | 20813 | 11/29/2019 | 11/29/2019 | Books |